000 00488nam a2200169 i 4500
001 67967
003 ES-MaACL
005 20230906170159.0
007 t|
008 040216m19501959sp ||||1| spa d
100 1 _aGallego Pérez, Cándido.
_953579
245 1 0 _aPerogrullo diputado constituyente /
_cpor Juan Español (seud.).
260 _aMadrid :
_bAteneo,
_c[1950-1959]
300 _a76 p. ;
_c19 cm.
700 1 _aRodrigo Zaragoza, Manuel.
_998190
852 _aES-MaACL
_j1747-F-15
999 _c67967
_d67967